A christmas carol
שמור ב:
| מחבר ראשי: | |
|---|---|
| פורמט: | ספר |
| יצא לאור: |
England
Ladybird
1994
|
| סדרה: | Ladybird classics
|
| נושאים: | |
| תגים: |
הוספת תג
אין תגיות, היה/י הראשונ/ה לתייג את הרשומה!
|
| Thư viện lưu trữ: | Trung tâm Học liệu Lê Vũ Hùng, Trường Đại học Đồng Tháp |
|---|
| LEADER | 00698pam a22002298a 4500 | ||
|---|---|---|---|
| 001 | 00042249 | ||
| 005 | 20180905160925.0 | ||
| 008 | 111205s2000 ||||||Engsd | ||
| 020 | # | # | |a 0721417299 |
| 041 | 0 | # | |a Eng |
| 082 | 1 | 4 | |a 823 |b CHR313C |
| 100 | 1 | # | |a Dickens, Charles |
| 245 | 1 | 2 | |c Charles Dickens |a A christmas carol |
| 260 | # | # | |a England |b Ladybird |c 1994 |
| 300 | # | # | |a 43p. |b ill. |c 18cm. |
| 490 | # | # | |a Ladybird classics |
| 650 | # | 4 | |a Văn học Anh |x Truyện ngắn |
| 653 | # | # | |a Văn học Anh hiện đại |
| 653 | # | # | |a Văn học thiếu nhi |
| 852 | # | # | |j KD.0017659 |
| 910 | |d 31/08/2018 | ||
| 980 | # | # | |a Trung tâm Học liệu Lê Vũ Hùng, Trường Đại học Đồng Tháp |


